000 00466cam a2200145 4500500
005 20251012012413.0
041 _afre
042 _adc
100 1 0 _aPernes, Caroline
_eauthor
245 0 0 _aPourquoi porte-t-on du maquillage ?
260 _c2023.
500 _a68
786 0 _nPhilosophie magazine | 166 | 1 | 2023-02-01 | p. 43-43 | 1951-1787
856 4 1 _uhttps://shs.cairn.info/magazine-philosophie-magazine-2023-1-page-43?lang=fr&redirect-ssocas=7080
999 _c1526604
_d1526603